|
|
|
|
| LEADER |
00000nab a2200000 a 4500 |
| 001 |
vtls000092341 |
| 003 |
SK-MaSNL |
| 005 |
20260303022229.0 |
| 008 |
111103c1981 xo 0 slo |
| 015 |
|
|
|a SNBRB19rr/mm-uuuuu
|
| 035 |
|
|
|a CL0102444
|
| 040 |
|
|
|a SNKBUCL
|b slo
|c SNKBUCL
|e AACR2
|
| 041 |
0 |
|
|a slo
|
| 044 |
|
|
|a xo
|c SK
|
| 080 |
|
|
|a 329.15(437)
|2 1981
|
| 100 |
1 |
|
|a Zelenáková, Alžbeta
|4 aut
|9 944154
|
| 245 |
1 |
0 |
|a Na čele protifašistického hnutia
|c Alžbeta Zelenáková
|
| 300 |
|
|
|b Obr. 1.
|
| 650 |
0 |
7 |
|a Osoha, Ján
|2 snkbucl
|9 926595
|
| 655 |
|
7 |
|a články z novín a časopisov
|2 snkbucl
|9 267496
|
| 773 |
0 |
|
|t Smena
|g Roč. 34, č. 187 (10. 8. 1981), s. 4
|
| 850 |
|
|
|a Slovenská národná knižnica v Martine
|a MTA001
|
| 852 |
|
|
|a SNK
|b KIS3GCP
|
| 958 |
|
|
|a RK
|
| 992 |
|
|
|a RBX
|
| 999 |
|
|
|c 1627621
|d 1629551
|